[Event "AUT-chT2W 1516"]
[Site "Austria"]
[Date "2015.10.17"]
[Round "2.6"]
[White "Niedermair, Hannes"]
[Black "Kroell, Johannes"]
[Result "1/2-1/2"]
[WhiteElo "1990"]
[BlackElo "2196"]
[PlyCount "114"]
[EventDate "2015.10.16"]
[EventType "team-tourn"]
[EventRounds "11"]
[EventCountry "AUT"]
[SourceTitle "CBM 168 Extra"]
[Source "ChessBase"]
[SourceDate "2015.10.29"]
[SourceVersion "1"]
[SourceVersionDate "2015.10.29"]
[SourceQuality "1"]
[WhiteTeam "Pradl"]
[BlackTeam "Zillertal"]
[WhiteTeamCountry "AUT"]
[BlackTeamCountry "AUT"]

1. Nf3 b5 2. g3 Bb7 3. Bg2 g5 4. c4 bxc4 5. Qa4 g4 6. Nh4 Bxg2 7. Nxg2 Nf6 8. Na3 Qc8 9. Nxc4 Qa6 10. Qxa6 Nxa6 11. h3 Bg7 12. hxg4 Nxg4 13. Nf4 0-0 14. Nh5 Bh8 15. Rh4 f5 16. f3 Ne5 17. Nxe5 Bxe5 18. d4 Bd6 19. Bd2 Nb4 20. Bxb4 Bxb4+ 21. Kf2 e6 22. Nf4 Be7 23. Rh3 Bf6 24. e3 Rab8 25. b3 c5 26. Rd1 cxd4 27. exd4 Rfc8 28. Rd2 Rb4 29. Ne2 a5 30. Rh1 a4 31. bxa4 Rxa4 32. Rb1 Rc7 33. f4 Rca7 34. Rbb2 Kf7 35. Rbc2 Ke7 36. Rb2 h5 37. Rbc2 h4 38. gxh4 Bxh4+ 39. Kf1 Ra3 40. d5 Bf6 41. dxe6 dxe6 42. Kg2 e5 43. Nc3 exf4 44. Nd5+ Kf7 45. Nxf4 Bg5 46. Rf2 Bh4 47. Rfe2 Rg3+ 48. Kh2 Rg4 49. Nd3 Bg3+ 50. Kg2 Kf6 51. Rc6+ Kg5 52. Ree6 Bf4+ 53. Kf1 Rxa2 54. Nf2 Rh4 55. Re8 Rh1+ 56. Kg2 Rh2+ 57. Kf1 Rh1+ 1/2-1/2

[Event "AUT-ch"]
[Site "Jenbach"]
[Date "2009.07.25"]
[Round "1"]
[White "Freitag, Manfred"]
[Black "Kroell, Johannes"]
[Result "1-0"]
[WhiteElo "2404"]
[BlackElo "2121"]
[PlyCount "73"]
[EventDate "2009.07.25"]
[EventType "swiss"]
[EventRounds "9"]
[EventCountry "AUT"]
[SourceTitle "CBM 131 Extra"]
[Source "ChessBase"]
[SourceDate "2009.09.03"]
[SourceVersion "2"]
[SourceVersionDate "2009.09.16"]
[SourceQuality "1"]

1. d4 g6 2. c4 Bg7 3. Nc3 d6 4. e4 Nc6 5. Be3 e5 6. Nge2 exd4 7. Nxd4 Nge7 8. Be2 0-0 9. h4 f5 10. h5 f4 11. Nxc6 Nxc6 12. Qd5+ Kh8 13. hxg6 h6 14. Bc1 Ne5 15. c5 Qf6 16. cxd6 c6 17. Qd2 Qxg6 18. Kf1 Be6 19. f3 Nc4 20. Qd3 Rad8 21. e5 Qxd3 22. Bxd3 Nxe5 23. Be4 Rxd6 24. Rh4 Bc4+ 25. Kg1 Rdf6 26. b3 Bd3 27. Ba3 Re8 28. Rd1 Ng6 29. Rg4 Bxe4 30. Nxe4 Rfe6 31. Rd7 b6 32. Rxa7 Bd4+ 33. Kh2 Re5 34. Nf6 R8e7 35. Bxe7 Rxe7 36. Rxg6 Bxf6 37. Ra8+ 1-0

[Event "AUT-chT2W 0809"]
[Site "Austria"]
[Date "2009.03.07"]
[Round "10.6"]
[White "Juen, Leopold"]
[Black "Kroell, Johannes"]
[Result "1/2-1/2"]
[WhiteElo "1981"]
[BlackElo "2207"]
[PlyCount "142"]
[EventDate "2008.10.17"]
[EventType "team-tourn"]
[EventRounds "11"]
[EventCountry "AUT"]
[SourceTitle "EXT 2010"]
[Source "ChessBase"]
[SourceDate "2010.11.25"]
[SourceVersion "1"]
[SourceVersionDate "2010.11.25"]
[SourceQuality "1"]
[WhiteTeam "Bregenz"]
[BlackTeam "Mayrhofen/Zillertal"]
[WhiteTeamCountry "AUT"]
[BlackTeamCountry "AUT"]

1. e4 g6 2. Nc3 Bg7 3. g3 d6 4. Bg2 Nd7 5. Nge2 e6 6. d3 Ne7 7. Rb1 0-0 8. Be3 h6 9. Qd2 Kh7 10. 0-0 a6 11. f4 f5 12. Nd4 Nf6 13. exf5 exf5 14. h3 c5 15. Nf3 Nc6 16. Rfe1 Qa5 17. a3 Bd7 18. Re2 Rae8 19. Rbe1 d5 20. Nd1 Qxd2 21. Bxd2 Rxe2 22. Rxe2 Nh5 23. Kh2 Re8 24. Rxe8 Bxe8 25. Bc3 d4 26. Be1 Bf7 27. Nd2 g5 28. fxg5 hxg5 29. b3 Be5 30. Nf3 Bf6 31. Nb2 Kg6 32. Nc4 Bxc4 33. bxc4 Bd8 34. Ng1 Bc7 35. Ne2 Nd8 36. Bf3 Nf6 37. Kg2 g4 38. hxg4 fxg4 39. Bd5 Nxd5 40. cxd5 Kf5 41. Bd2 Nf7 42. Bf4 Be5 43. Kf2 Nd6 44. Bc1 Nb5 45. a4 Nc7 46. Ba3 b6 47. d6 Ne6 48. d7 a5 49. Bc1 Bc7 50. Bf4 Bd8 51. Bd6 Ng5 52. Nf4 Nf7 53. Bb8 Ne5 54. Bxe5 Kxe5 55. Ke1 Kd6 56. Kd1 Kxd7 57. c4 dxc3 58. Nd5 Bc7 59. Nf6+ Kc6 60. Nxg4 Bxg3 61. Kc2 Be1 62. Ne5+ Kb7 63. Nc4 Kc6 64. Ne5+ Kd5 65. Nc4 Kc6 66. Ne5+ Kc7 67. Nc4 b5 68. axb5 a4 69. Kd1 Bf2 70. Kc2 Bd4 71. Kc1 Kb7 1/2-1/2

[Event "AUT-chT2W 0809"]
[Site "Austria"]
[Date "2009.03.06"]
[Round "9.5"]
[White "Kroell, Johannes"]
[Black "Scheiblmaier, Robert"]
[Result "1-0"]
[WhiteElo "2207"]
[BlackElo "2133"]
[PlyCount "63"]
[EventDate "2008.10.17"]
[EventType "team-tourn"]
[EventRounds "11"]
[EventCountry "AUT"]
[SourceTitle "EXT 2010"]
[Source "ChessBase"]
[SourceDate "2010.11.25"]
[SourceVersion "1"]
[SourceVersionDate "2010.11.25"]
[SourceQuality "1"]
[WhiteTeam "Mayrhofen/Zillertal"]
[BlackTeam "Salzburg"]
[WhiteTeamCountry "AUT"]
[BlackTeamCountry "AUT"]

1. Nc3 d5 2. e4 e6 3. g3 Nf6 4. e5 Nfd7 5. f4 c5 6. Bh3 Nc6 7. Nf3 Be7 8. 0-0 0-0 9. d3 Rb8 10. Ne2 b5 11. c3 a5 12. d4 b4 13. f5 exf5 14. Bxf5 bxc3 15. bxc3 g6 16. Bc2 cxd4 17. cxd4 Nb6 18. Bh6 Re8 19. Kg2 Be6 20. Nf4 Qd7 21. Nxe6 Qxe6 22. Ng5 Bxg5 23. Bxg5 Nd7 24. Bb3 Rb4 25. Rf4 Reb8 26. Rc1 Ncxe5 27. dxe5 Qxe5 28. Rxb4 Rxb4 29. Bh6 Nb6 30. Qc2 Re4 31. Qc5 Re2+ 32. Kf1 1-0

[Event "Lienz op 15th"]
[Site "Lienz"]
[Date "2009.02.11"]
[Round "6"]
[White "Kroell, Johannes"]
[Black "Kasparov, Sergey"]
[Result "0-1"]
[WhiteElo "2207"]
[BlackElo "2488"]
[PlyCount "72"]
[EventDate "2009.02.07"]
[EventType "swiss"]
[EventRounds "9"]
[EventCountry "AUT"]
[SourceTitle "CBM 128 Extra"]
[Source "ChessBase"]
[SourceDate "2009.03.05"]
[SourceVersion "2"]
[SourceVersionDate "2009.03.25"]
[SourceQuality "1"]

1. g3 d5 2. Bg2 e5 3. d3 Nc6 4. Nd2 g6 5. e3 Bg7 6. Ne2 Nge7 7. b3 Be6 8. Bb2 0-0 9. h3 Qd7 10. a3 a5 11. c4 Rfd8 12. Qc2 f5 13. 0-0-0 Rab8 14. Nc3 d4 15. Nb5 dxe3 16. fxe3 Qxd3 17. Nxc7 Bf7 18. Rhe1 Bh6 19. Nf1 Qxc2+ 20. Kxc2 a4 21. Bd5 Nxd5 22. Nxd5 axb3+ 23. Kb1 Bg7 24. Nb6 Na5 25. Nd2 e4 26. g4 Bxb2 27. Kxb2 Rd3 28. gxf5 Rbd8 29. Re2 Nxc4+ 30. Nbxc4 Bxc4 31. Nxc4 Rxd1 32. fxg6 hxg6 33. Kxb3 Kg7 34. Rg2 Re8 35. a4 Kh6 36. Kb4 Re6 0-1

[Event "Lienz op"]
[Site "Lienz"]
[Date "2007.02.14"]
[Round "6"]
[White "Mathe, Gaspar"]
[Black "Kroell, Johannes"]
[Result "1-0"]
[WhiteElo "2345"]
[BlackElo "2130"]
[PlyCount "63"]
[EventDate "2007.02.10"]
[EventType "swiss"]
[EventRounds "9"]
[EventCountry "AUT"]
[SourceTitle "EXT 2008"]
[Source "ChessBase"]
[SourceDate "2007.11.25"]
[SourceVersion "1"]
[SourceVersionDate "2007.11.25"]
[SourceQuality "1"]

1. d4 g6 2. e4 Bg7 3. Nc3 d6 4. Be3 Nd7 5. f4 e6 6. Nf3 Ne7 7. Bd3 f5 8. Ng5 Nf6 9. e5 Nfd5 10. Bd2 h6 11. Nf3 Nxc3 12. Bxc3 d5 13. Qd2 Bd7 14. h3 b6 15. g4 c5 16. Rg1 c4 17. Be2 Bf8 18. gxf5 exf5 19. b3 Be6 20. Bb4 Rg8 21. 0-0-0 a5 22. Bd6 b5 23. Nh4 Bf7 24. Qe3 Qd7 25. Kb1 Qe6 26. bxc4 bxc4 27. Ka1 Nc6 28. Bxf8 Kxf8 29. c3 Ne7 30. Rb1 Kg7 31. Rb7 Rab8 32. Rxe7 1-0

[Event "AUT-chT2W 0607"]
[Site "Austria"]
[Date "2006.12.01"]
[Round "3"]
[White "Kroell, Johannes"]
[Black "Kapferer, Romed"]
[Result "1-0"]
[WhiteElo "2176"]
[BlackElo "2065"]
[PlyCount "67"]
[EventDate "2006.10.21"]
[EventType "team"]
[EventRounds "11"]
[EventCountry "AUT"]
[SourceTitle "CBM 115 Extra"]
[Source "ChessBase"]
[SourceDate "2007.01.10"]
[SourceVersion "1"]
[SourceVersionDate "2007.01.10"]
[SourceQuality "1"]

1. g3 f5 2. Bg2 Nf6 3. d3 g6 4. e4 fxe4 5. dxe4 Nc6 6. Ne2 Bg7 7. 0-0 0-0 8. Nbc3 d6 9. h3 e5 10. f4 Nh5 11. f5 g5 12. Bf3 Nf4 13. gxf4 gxf4 14. Kh2 Bd7 15. Bd2 Kh8 16. Be1 Be8 17. Nd5 Bf7 18. Rg1 Nb8 19. Bf2 c6 20. Ndc3 Na6 21. Qd2 Qe7 22. Rad1 Rfd8 23. Nc1 Nc7 24. Nd3 Ne8 25. Qe2 Bc4 26. b3 Bg8 27. Rg2 Rd7 28. Rdg1 b6 29. Bh5 Qf6 30. Qg4 Qf8 31. Bxe8 Qxe8 32. Bh4 Qf7 33. f6 Bh6 34. Qg7+ 1-0

[Event "AUT-chT2W 0506"]
[Site "Austria"]
[Date "2006.01.20"]
[Round "6"]
[White "Kroell, Johannes"]
[Black "Baldauf, Marco"]
[Result "0-1"]
[WhiteElo "2176"]
[BlackElo "2120"]
[PlyCount "68"]
[EventDate "2005.10.08"]
[EventType "team"]
[EventRounds "11"]
[EventCountry "AUT"]
[SourceTitle "EXT 2007"]
[Source "ChessBase"]
[SourceDate "2006.11.23"]
[SourceVersion "1"]
[SourceVersionDate "2006.11.23"]
[SourceQuality "1"]
[WhiteTeam "Zillertal"]
[BlackTeam "Hohenems II"]
[WhiteTeamCountry "AUT"]
[BlackTeamCountry "AUT"]

1. Nc3 c5 2. g4 Nc6 3. Bg2 g6 4. d3 Bg7 5. e4 d6 6. h3 e6 7. Be3 Nd4 8. Qc1 Ne7 9. Nce2 0-0 10. c3 Nxe2 11. Nxe2 b6 12. h4 e5 13. g5 d5 14. Bd2 Ba6 15. exd5 Bxd3 16. d6 Nf5 17. Bxa8 Qxa8 18. Rh3 c4 19. f3 e4 20. Bf4 exf3 21. Ng1 Qe4+ 22. Kf2 Be5 23. Bxe5 Qxe5 24. Nxf3 Qxd6 25. Qd2 f6 26. b4 b5 27. Kg2 Qc6 28. Kg1 fxg5 29. hxg5 Nd6 30. Nd4 Qd5 31. Qg2 Ne4 32. Re1 a6 33. Rxd3 cxd3 34. Ne6 d2 0-1

[Event "AUT-chT2W 0506"]
[Site "Austria"]
[Date "2005.12.03"]
[Round "4"]
[White "Kroell, Johannes"]
[Black "Navratil, Robert"]
[Result "1-0"]
[WhiteElo "2176"]
[BlackElo "2133"]
[PlyCount "55"]
[EventDate "2005.10.08"]
[EventType "team"]
[EventRounds "11"]
[EventCountry "AUT"]
[SourceTitle "EXT 2007"]
[Source "ChessBase"]
[SourceDate "2006.11.23"]
[SourceVersion "1"]
[SourceVersionDate "2006.11.23"]
[SourceQuality "1"]
[WhiteTeam "Zillertal"]
[BlackTeam "Salzburg"]
[WhiteTeamCountry "AUT"]
[BlackTeamCountry "AUT"]

1. Nc3 d5 2. e4 Nf6 3. e5 Nfd7 4. f4 e6 5. Nce2 c5 6. c3 Nc6 7. d4 Be7 8. g3 0-0 9. Bh3 f6 10. Bxe6+ Kh8 11. Bxd5 Nb6 12. Bxc6 bxc6 13. Nf3 Bh3 14. Kf2 c4 15. Be3 Qd5 16. Re1 Rad8 17. Neg1 Bf5 18. b4 g5 19. exf6 Bxf6 20. fxg5 Bg7 21. Bf4 Bg4 22. Qd2 Qf5 23. Kg2 Nd5 24. h3 h6 25. hxg4 Qxg4 26. Nh3 hxg5 27. Nh2 Nxf4+ 28. Nxf4 1-0

[Event "AUT-chT 0405"]
[Site "Austria"]
[Date "2005.03.20"]
[Round "11"]
[White "Kroell, Johannes"]
[Black "Weiss, Christian"]
[Result "0-1"]
[WhiteElo "2234"]
[BlackElo "2422"]
[PlyCount "118"]
[EventDate "2004.11.19"]
[EventType "team"]
[EventRounds "11"]
[EventCountry "AUT"]
[SourceTitle "EXT 2006"]
[Source "ChessBase"]
[SourceDate "2005.11.24"]
[SourceVersion "1"]
[SourceVersionDate "2005.11.24"]
[SourceQuality "1"]
[WhiteTeam "Mayrhofen/Zillertal"]
[BlackTeam "Ansfelden"]
[WhiteTeamCountry "AUT"]
[BlackTeamCountry "AUT"]

1. Nc3 d5 2. e3 g6 3. f4 Bg7 4. Nf3 Nf6 5. d4 0-0 6. Be2 c6 7. 0-0 Nbd7 8. b3 Ne8 9. e4 dxe4 10. Nxe4 Nd6 11. Nf2 Nf6 12. Bd3 Bf5 13. Re1 Ng4 14. Rb1 Qc7 15. Ba3 Nxf2 16. Kxf2 Bg4 17. c3 Rad8 18. Qe2 Rfe8 19. h3 Bc8 20. g4 Nb5 21. Bxb5 cxb5 22. Qd2 Bh6 23. g5 Bg7 24. h4 Bg4 25. Ne5 Bf5 26. Rbc1 f6 27. Nf3 Bg4 28. Qe3 e6 29. Nd2 fxg5 30. hxg5 Bf5 31. Rh1 e5 32. Rce1 Qa5 33. Bb4 Qxa2 34. fxe5 Bxe5 35. Kf1 Bd6 36. Qxe8+ Rxe8 37. Rxe8+ Kf7 38. Re2 Bd3 39. Bxd6 Qxd2 40. Rxh7+ Kg8 41. Rhe7 Qxg5 42. Re8+ Kf7 43. Rf8+ Kg7 44. Rf3 Qc1+ 45. Kf2 Bxe2 46. Be5+ Kg8 47. Kxe2 Qc2+ 48. Ke3 Qxb3 49. Kf4 Qd1 50. Rh3 Qf1+ 51. Rf3 Qc1+ 52. Ke4 Qc2+ 53. Kf4 Qd2+ 54. Ke4 Qe2+ 55. Kf4 a5 56. Rh3 Qf1+ 57. Kg4 Qg2+ 58. Rg3 Qe4+ 59. Kh3 a4 0-1

[Event "AUT-chT 0405"]
[Site "Austria"]
[Date "2004.11.20"]
[Round "2"]
[White "Kroell, Johannes"]
[Black "Kilgus, Georg"]
[Result "0-1"]
[WhiteElo "2234"]
[BlackElo "2353"]
[PlyCount "65"]
[EventDate "2004.11.19"]
[EventType "team"]
[EventRounds "11"]
[EventCountry "AUT"]
[SourceTitle "EXT 2006"]
[Source "ChessBase"]
[SourceDate "2005.11.24"]
[SourceVersion "1"]
[SourceVersionDate "2005.11.24"]
[SourceQuality "1"]
[WhiteTeam "Mayrhofen/Zillertal"]
[BlackTeam "Tschaturanga"]
[WhiteTeamCountry "AUT"]
[BlackTeamCountry "AUT"]

1. Nc3 c5 2. g4 Nc6 3. Bg2 d6 4. e4 g6 5. f4 Bg7 6. d3 Rb8 7. Nh3 h5 8. g5 Bg4 9. Ne2 Nd4 10. Nhg1 b5 11. h3 Bd7 12. c3 Nxe2 13. Nxe2 b4 14. 0-0 e6 15. f5 bxc3 16. bxc3 exf5 17. exf5 gxf5 18. Qe1 Ne7 19. Ng3 Qa5 20. Bd2 Rb2 21. Rb1 Rxb1 22. Qxb1 Be5 23. Ne2 Ng6 24. Be1 Qb5 25. Qc2 0-0 26. d4 cxd4 27. Nxd4 Qc5 28. Bf2 Rc8 29. Nxf5 Bxf5 30. Qxf5 Bh2+ 31. Kxh2 Qxf5 32. Bg3 Qc5 33. Bf2 0-1

[Event "AUT-chT 0405"]
[Site "Austria"]
[Date "2004.11.19"]
[Round "1"]
[White "Grabher, Heinz"]
[Black "Kroell, Johannes"]
[Result "1-0"]
[WhiteElo "2271"]
[BlackElo "2234"]
[PlyCount "95"]
[EventDate "2004.11.19"]
[EventType "team"]
[EventRounds "11"]
[EventCountry "AUT"]
[SourceTitle "EXT 2006"]
[Source "ChessBase"]
[SourceDate "2005.11.24"]
[SourceVersion "1"]
[SourceVersionDate "2005.11.24"]
[SourceQuality "1"]
[WhiteTeam "Hohenems"]
[BlackTeam "Mayrhofen/Zillertal"]
[WhiteTeamCountry "AUT"]
[BlackTeamCountry "AUT"]

1. e4 e6 2. Nc3 d5 3. d4 Nf6 4. e5 Nfd7 5. f4 c5 6. Nf3 Nc6 7. Be3 a6 8. Qd2 b5 9. dxc5 Bxc5 10. Nd4 Nxd4 11. Bxd4 Bxd4 12. Qxd4 Qb6 13. 0-0-0 Bb7 14. Qxb6 Nxb6 15. Ne2 Rc8 16. Nd4 g6 17. Bd3 h5 18. g3 Nd7 19. h3 Nc5 20. Kd2 Ke7 21. g4 Ne4+ 22. Bxe4 dxe4 23. Ke3 b4 24. g5 Rc5 25. Rh2 Rhc8 26. Rhd2 Bd5 27. Ra1 R8c7 28. h4 Ra5 29. Ne2 Rac5 30. Nd4 Kd7 31. Rc1 Kc8 32. Ra1 Kb7 33. a4 Kb6 34. Rc1 Ka5 35. Rcd1 Kb6 36. Ra1 a5 37. Rc1 b3 38. c3 Rc4 39. Ra1 Rb7 40. Nxb3 Ka6 41. Nd4 Rc8 42. Nb5 Rcb8 43. Rd4 Bb3 44. c4 Bc2 45. Rd6+ Rb6 46. c5 Rxd6 47. exd6 Kb7 48. c6+ 1-0

[Event "AUT-chT2W 0304"]
[Site "Austria"]
[Date "2004.01.18"]
[Round "8"]
[White "Kranz, Armin"]
[Black "Kroell, Johannes"]
[Result "1/2-1/2"]
[WhiteElo "2146"]
[BlackElo "2192"]
[PlyCount "148"]
[EventDate "2003.10.18"]
[EventType "team-tourn"]
[EventRounds "11"]
[EventCountry "AUT"]
[SourceTitle "EXT 2005"]
[Source "ChessBase"]
[SourceDate "2004.11.15"]
[SourceVersion "1"]
[SourceVersionDate "2004.11.15"]
[SourceQuality "1"]
[WhiteTeam "Goetzis"]
[BlackTeam "Zillertal/www.zulieferer.cc	"]
[WhiteTeamCountry "AUT"]
[BlackTeamCountry "AUT"]

1. d4 b5 2. e4 Bb7 3. Bd3 e6 4. Qe2 a6 5. Nf3 c5 6. c3 Qc7 7. 0-0 Nc6 8. a3 Nf6 9. Nbd2 d6 10. Re1 Be7 11. b4 c4 12. Bb1 a5 13. Bb2 axb4 14. axb4 Rxa1 15. Bxa1 0-0 16. Nf1 Ra8 17. Bb2 Nd7 18. h4 Qd8 19. h5 Nb6 20. Qc2 e5 21. d5 Nb8 22. Ne3 Bc8 23. Bc1 g6 24. hxg6 fxg6 25. Nh2 Bg5 26. Nf3 Bf6 27. Nh2 h5 28. Bb2 N8d7 29. Kf1 Nf8 30. Bc1 Ra7 31. Ke2 Rf7 32. Rf1 Nh7 33. Ke1 Bh4 34. g3 Bg5 35. f3 Bh3 36. Rg1 Na4 37. Bd2 Qb6 38. Ke2 Bd7 39. Rh1 Bd8 40. Ng2 Bh3 41. Be3 Qb8 42. Rg1 Qc8 43. Nh4 Kg7 44. Qd2 Nf6 45. Qc1 Ng8 46. Qd2 Qa6 47. f4 exf4 48. Bd4+ Kh7 49. e5 Bxh4 50. gxh4 f3+ 51. Kf2 Bf5 52. e6 Rf8 53. Qf4 Ne7 54. Qg5 Qb7 55. Bf6 Bxb1 56. Rxb1 Rxf6 57. Qxf6 Nxd5 58. Qxf3 Qa7+ 59. Kg2 Ne3+ 60. Kh1 Nxc3 61. Re1 Ncd5 62. Nf1 Qd4 63. Rxe3 Nxe3 64. Nxe3 Qxh4+ 65. Kg2 Qe7 66. Qe4 c3 67. Kf2 h4 68. Nd5 Qa7+ 69. Kf3 c2 70. Qxh4+ Kg7 71. Qf6+ Kh7 72. Qh4+ Kg7 73. Qf6+ Kh7 74. Qh4+ Kg7 1/2-1/2

[Event "AUT-chT2W 0304"]
[Site "Austria"]
[Date "2003.10.19"]
[Round "2"]
[White "Kroell, Johannes"]
[Black "Burschowsky, Matthias"]
[Result "1-0"]
[WhiteElo "2192"]
[BlackElo "2186"]
[PlyCount "71"]
[EventDate "2003.10.18"]
[EventType "team-tourn"]
[EventRounds "11"]
[EventCountry "AUT"]
[SourceTitle "CBM 097 Extra"]
[Source "ChessBase"]
[SourceDate "2004.01.13"]
[SourceVersion "1"]
[SourceVersionDate "2004.01.13"]
[SourceQuality "1"]
[WhiteTeam "Zillertal/www.zulieferer.cc	"]
[BlackTeam "Hohenems II"]
[WhiteTeamCountry "AUT"]
[BlackTeamCountry "AUT"]

1. Nc3 d5 2. e4 d4 3. Nce2 e5 4. Ng3 Nf6 5. Nf3 Bd6 6. Bc4 Nc6 7. d3 Qe7 8. Bd2 Bd7 9. a3 h6 10. b4 0-0-0 11. Qb1 g5 12. b5 Nb8 13. Qb3 Bg4 14. Qa4 Bc5 15. Bb4 Nh5 16. Nxh5 Bxh5 17. Nd2 Nd7 18. Qxa7 Bxa7 19. Bxe7 Rde8 20. Bb4 g4 21. h3 gxh3 22. Rxh3 Bg6 23. Ke2 h5 24. Rah1 Rhg8 25. Nf3 Bc5 26. Nh4 Rg7 27. Bxc5 Nxc5 28. g3 Kd7 29. Nf5 Rgg8 30. Nh4 Rgf8 31. f4 exf4 32. gxf4 Bh7 33. f5 Ke7 34. Nf3 Ra8 35. Rxh5 Bg8 36. f6+ 1-0

[Event "AUT-chT2W 0203"]
[Site "Austria"]
[Date "2003.02.01"]
[Round "8"]
[White "Braun, Arik"]
[Black "Kroell, Johannes"]
[Result "1-0"]
[WhiteElo "2317"]
[BlackElo "2123"]
[PlyCount "97"]
[EventDate "2002.10.??"]
[EventType "team"]
[EventRounds "11"]
[EventCountry "AUT"]
[SourceTitle "EXT 2004"]
[Source "ChessBase"]
[SourceDate "2003.11.25"]
[SourceVersion "1"]
[SourceVersionDate "2003.11.25"]
[SourceQuality "1"]

1. d4 b5 2. e4 e6 3. Bxb5 Bb7 4. f3 Qh4+ 5. Kf1 f5 6. exf5 Bd6 7. Nh3 Qh5 8. Bd3 Ne7 9. Nc3 Nxf5 10. Be4 Nc6 11. Ne2 0-0 12. c3 Ba6 13. Bd3 Bb7 14. Ng5 h6 15. Ne4 Nce7 16. Kg1 Nh4 17. N2g3 Qf7 18. Bc2 g5 19. Qd3 Nd5 20. Nxd6 cxd6 21. Ne4 Nf4 22. Bxf4 Bxe4 23. Qxe4 gxf4 24. Kf2 Rab8 25. b3 Rb5 26. Rag1 Rg5 27. Bd1 d5 28. Qd3 Ng6 29. g4 Nh4 30. Re1 Qe7 31. Bc2 Rg7 32. Re5 Qa3 33. Rh5 Ng6 34. Rxh6 Ne7 35. Re1 Qxa2 36. Re5 Qa1 37. Rg5 Nf5 38. Rxg7+ Kxg7 39. gxf5 Rxf5 40. Rh4 Qc1 41. Rg4+ Kf8 42. Rg1 Qb2 43. Qd2 Ke7 44. Rg7+ Kd6 45. b4 Qa2 46. Ke2 Rh5 47. Qxf4+ Kc6 48. Kd3 Qa6+ 49. Kd2 1-0

[Event "AUT-chT2W 0203"]
[Site "Austria"]
[Date "2002.11.30"]
[Round "5"]
[White "Scheffknecht, Philipp"]
[Black "Kroell, Johannes"]
[Result "0-1"]
[WhiteElo "2183"]
[BlackElo "2123"]
[PlyCount "82"]
[EventDate "2002.10.??"]
[EventType "team"]
[EventRounds "11"]
[EventCountry "AUT"]
[SourceTitle "EXT 2004"]
[Source "ChessBase"]
[SourceDate "2003.11.25"]
[SourceVersion "1"]
[SourceVersionDate "2003.11.25"]
[SourceQuality "1"]

1. d4 b5 2. e4 e6 3. Bxb5 Bb7 4. Qe2 f5 5. exf5 Bxg2 6. Qh5+ g6 7. fxg6 Bg7 8. gxh7+ Kf8 9. hxg8Q+ Kxg8 10. Qg4 Bxh1 11. Bg5 Qf8 12. Nc3 Rxh2 13. 0-0-0 Qxf2 14. Bd3 Rg2 15. Qf3 Qg3 16. Ne4 Qg4 17. Qe3 d5 18. Nf6+ Bxf6 19. Bxf6 Nd7 20. Ne2 Nxf6 21. Rxh1 Ne4 22. Kb1 Re8 23. Qh6 Qg7 24. Qh5 Rf8 25. Qh3 Rf6 26. Qe3 Rf3 27. Qc1 Nf2 28. Bh7+ Kf7 29. Rh4 Rg4 30. Rh2 Ne4 31. c4 Qf6 32. Rh1 Rh4 33. Rxh4 Qxh4 34. cxd5 Qxh7 35. Qxc7+ Kg8 36. Qc8+ Kg7 37. Qc7+ Rf7 38. Qe5+ Nf6+ 39. Kc1 Qh1+ 40. Kd2 Qxd5 41. Qg3+ Kh6 0-1

[Event "AUT-chT2W 0102"]
[Site "Austria"]
[Date "2002.03.09"]
[Round "10.4"]
[White "Kroell, Johannes"]
[Black "Mittelberger, Peter"]
[Result "0-1"]
[WhiteElo "2180"]
[BlackElo "2282"]
[PlyCount "81"]
[EventDate "2001.10.12"]
[EventType "team"]
[EventRounds "11"]
[EventCountry "AUT"]
[SourceTitle "EXT 2002"]
[Source "ChessBase"]
[SourceDate "2001.11.25"]
[SourceVersion "1"]
[SourceVersionDate "2001.11.25"]
[SourceQuality "1"]

1. Nc3 Nf6 2. Nf3 g6 3. e4 d6 4. d4 Bg7 5. Be2 0-0 6. 0-0 c6 7. h3 Nbd7 8. Bg5 Qc7 9. Qd2 b5 10. a3 a6 11. Rad1 Bb7 12. Rfe1 c5 13. Nd5 Bxd5 14. exd5 c4 15. Nh2 Nxd5 16. Bf3 N7b6 17. Qa5 Ra7 18. a4 e6 19. axb5 axb5 20. Qxb5 Rb8 21. Be2 Na4 22. Qxc4 Qxc4 23. Bxc4 Nxb2 24. Rb1 Nc3 25. Nf3 Nxb1 26. Rxb1 Rab7 27. Bb3 Nc4 28. Be3 d5 29. Kf1 f6 30. Ke2 Kf7 31. Nd2 Nxd2 32. Bxd2 Bf8 33. Kd3 Bd6 34. Re1 Bb4 35. c3 Bd6 36. Bc2 g5 37. g3 h6 38. Bc1 Ra7 39. Re3 Ba3 40. Bd2 Rc7 41. Ke2 0-1